000 00512nam a2200181Ia 4500
003 LK-CoDNM
008 010623t1964 xxu||||| |||| 00| 1 sin d
040 _aLK-CoDNM
_dLK-CoDNM
_eLK-CoDNM
041 _asin
080 _a1.9
100 _aBurnet,John.
245 _aආදි ග්‍රීක දර්ශනය
246 _aEarly Greeka Philosophy
260 _bAdam and Charles Black Ltd
_aLondon
_c1964
300 _bviii,370., 21 260: Fourth cm
700 _aPonnamperuma,D.P.
_eed.
942 _cBK
999 _c106584
_d106584